Vplyv kultúry na využívanie medzinárodných marketingových nástrojov

Teoretické východiská kultúry, jej podstata a dimenzie. Vplyv kultúrnych rozdielov na medzinárodný marketing. Špecifiká medzinárodného marketingu, ktorými sa líši od marketingu uplatňovaného v rámci ekonomiky domácej krajiny. Prípadová štúdia - špecifiká marketingových nástrojov v moslimských krajin...

Full description

Saved in:
Bibliographic Details
Main Author: Procházková, Katarína, 1983-
Format: Book Chapter
Language:Slovak
Subjects:
Tags: Add Tag
No Tags, Be the first to tag this record!

MARC

LEADER 00000nla a2200000 4500
001 0180722
005 20240502073104.4
041 0 |a slo 
044 |a SK 
245 1 0 |a Vplyv kultúry na využívanie medzinárodných marketingových nástrojov  |c Katarína Procházková 
520 |a Teoretické východiská kultúry, jej podstata a dimenzie. Vplyv kultúrnych rozdielov na medzinárodný marketing. Špecifiká medzinárodného marketingu, ktorými sa líši od marketingu uplatňovaného v rámci ekonomiky domácej krajiny. Prípadová štúdia - špecifiká marketingových nástrojov v moslimských krajinách. 
610 2 0 |a marketing medzinárodný 
610 2 0 |a komunikácia marketingová 
610 2 0 |a nástroje marketingové 
610 2 0 |a kultúra 
610 2 0 |a náboženstvo 
610 2 0 |a moslimovia 
100 1 |a Procházková, Katarína, 1983-